Treasure of R.C.C Design / (Record no. 1170)

000 -LEADER
fixed length control field 00259 a2200097 4500
082 ## - DEWEY DECIMAL CLASSIFICATION NUMBER
Classification number 624.162 KUM
100 ## - MAIN ENTRY--PERSONAL NAME
Personal name Kumar,Sushil
245 ## - TITLE STATEMENT
Title Treasure of R.C.C Design /
Statement of responsibility, etc. Sushil Kumar
260 ## - PUBLICATION, DISTRIBUTION, ETC.
Place of publication, distribution, etc. Delhi:
Date of publication, distribution, etc. Standard Book House,
Name of publisher, distributor, etc. 1999
300 ## - PHYSICAL DESCRIPTION
Extent 1284p. :
Other physical details ill . ;
Dimensions 20 cm
650 ## - SUBJECT ADDED ENTRY--TOPICAL TERM
Topical term or geographic name entry element RCC design
Holdings
Withdrawn status Lost status Damaged status Not for loan Permanent Location Current Location Shelving location Date acquired Total Checkouts Full call number Barcode Date last seen Date last checked out Price effective from Koha item type
        School of Civil and Environmental Engineering (SCEE) School of Civil and Environmental Engineering (SCEE)     1 624.162 KUM NIT-4740 04/13/2023 04/04/2023 01/05/2017 Book
© 2023 Central Library, National University of Sciences and Technology. All Rights Reserved.